Statistics for Country unscrambler

Click here to take the quiz!

General Stats

  • This quiz has been taken 164 times
  • The average score is 15 of 17

Answer Stats

countryAnswer% Correct
aaltmmalta
98%
anamappanama
97%
ccooomrmorocco
96%
dhcachad
95%
heczc cierubplczech republic
93%
rinairan
93%
pippsnehiilphilippines
92%
agarteinnargentina
91%
tcivnaa yctivatican city
89%
einrgniger
88%
dierlnaireland
84%
hntro akreonorth korea
84%
hbgnaaledsbangladesh
80%
asnideoinindonesia
79%
lmiognaomongolia
79%
znbuektiasuzbekistan
76%
ntaeisoestonia
53%

Score Distribution

Percentile by Number Answered

Percent of People with Each Score

Your Score History

You have not taken this quiz